Theories of translation: an anthology of essays from Dryden to Derrida
Gorde:
| Egile Nagusiak: | , |
|---|---|
| Formatua: | Liburua |
| Hizkuntza: | ingelesa |
| Argitaratua: |
Chicago
University of Chicago Press
1992
|
| Edizioa: | 1a. ed |
| Gaiak: | |
| Etiketak: |
Etiketa erantsi
Etiketarik gabe, Izan zaitez lehena erregistro honi etiketa jartzen!
|
MARC
| LEADER | 00000cam a2200000 a 4500 | ||
|---|---|---|---|
| 001 | UCD8638 | ||
| 003 | CL-VaPUC | ||
| 008 | 170519e19920000us |||||||||||||||||eng|d | ||
| 020 | |a 9780226048710 | ||
| 082 | 0 | 4 | |a 418.02 |b SCH |2 21 |
| 100 | 0 | |a Schulte, Rainer |e author |9 592142 | |
| 700 | 0 | |a Biguenet, John |e author |9 592143 | |
| 245 | 1 | 0 | |a Theories of translation: an anthology of essays from Dryden to Derrida |
| 250 | |a 1a. ed | ||
| 300 | |a 254 p | ||
| 942 | |c BK | ||
| 945 | |d 20170519 15:42:00 |a dcastane | ||
| 260 | |a Chicago |b University of Chicago Press |c 1992 | ||
| 650 | 0 | |a Traducción e interpretación |9 315998 | |
| 650 | 0 | |a Teoría del lenguaje |9 402255 | |
| 583 | |a last modification |c 20170519 15:42:00 |k Rodrigo Vera | ||
| 999 | |c 367992 |d 367990 | ||
| 952 | |0 0 |1 0 |3 erb |4 0 |6 418_020000000000000_SCH_1992 |7 0 |8 A |9 483232 |a BIBEDU |b BIBEDU |i 5377218 |l 3 |m 1 |o 418.02 SCH 1992 |p 5377218 |r 2024-09-05 |s 2024-09-05 |w 2019-11-24 |y BK |z Catalogado en:20170519 |k CIT | ||